Villes de France par lettre - A (Carte Quiz) - Statistiques

Statistiques générales
  • Ce quiz a été pris 36 392 fois
  • Le résultat moyen est 13 sur 23
Réponses sur la Carte
Les réponses sont colorées sur une échelle allant du rouge au vert en fonction du pourcentage des utilisateurs qui les ont devinées à leur premier essai. Vous pouvez retrouver ces pourcentages ci-dessous.
 
Statistiques - réponses
Réponse % Correct
Ajaccio
88%
Angers
78%
Arcachon
74%
Aix-en-Provence
71%
Argelès-sur-Mer
66%
Angoulême
64%
Antibes
63%
Auxerre
59%
Arras
58%
Albi
57%
Argenteuil
53%
Aurillac
52%
Aubervilliers
51%
Antony
49%
Arles
49%
Albertville
48%
Anglet
44%
Amboise
43%
Annemasse
43%
Alençon
41%
Abbeville
40%
Alès
40%
Amnéville
38%
Aucun quiz correspondant
Distribution des résultats
% des personnes avec chaque résultat
Percentile par nombre de réponses
Votre historique - résultats
Vous n’avez pas pris ce quiz